Marvel vs. DC: Similar Heros - Statistics

General Stats
  • This quiz has been taken 363 times
  • The average score is 28 of 40
Answer Stats
Picture Answer % Correct
Batman
98%
Iron Man
98%
Superman
98%
Aquaman
93%
Wonder Woman
92%
Black Widow
91%
Spider-Man
91%
Flash
90%
Antman
89%
Deadpool
89%
Captain America
88%
Green Arrow
88%
Thanos
88%
Doctor Strange
87%
Catwoman
86%
Hawkeye
86%
Vision
86%
Wasp
81%
Quicksilver
80%
Scarlet Witch
80%
Winter Soldier
78%
Mr. Fantastic
75%
Atom
71%
Black Cat
67%
Red Hood
65%
Deathstroke
64%
Namor
63%
Black Canary
62%
Darkseid
62%
Doctor Fate
62%
Swamp Thing
60%
Plastic Man
57%
Zatanna
48%
Red Tornado
47%
Man-Thing
41%
Bumblebee
40%
Hyperion
31%
Lady Sif
28%
Black Spider
18%
Guardian
17%
No matching quizzes found
Score Distribution
Percent of People with Each Score
Percentile by Number Answered
Your Score History
You have not taken this quiz